LEADER 00897nam a2200169 i 4500 001 000000177926 003 CaOOAMICUS 005 20250620100240.0 008 090228s1927 it u000 u ita u 040 $aSeMil$bita 245 10$a2: La grande civiltà del Mezzogiorno d'Italia :$bsviluppo, potenza ed azione politica degli stati italioti : dal sec. 7. alla metà del sec. 4. 300 $aXV, 476 p., [1] c. geogr. 773 0 $aCiaceri, Emanuele$tStoria della Magna Grecia.$dMilano [etc.] : Società Editrice Dante Alighieri di Albrighi, Segati & C., 1927.$gVolume2$w()20801 850 $aSeMil 852 $aSeMil$W1$xVenegono$y1$m3S V 13/2$j258888$B128722$CSeMilBibl$Z2$F139813 $81 996 $6245$a2: La grande civiltà del Mezzogiorno d'Italia :$bsviluppo, potenza ed azione politica degli stati italioti : dal sec. 7. alla metà del sec. 4.$9(OLS)http://semarc/title/255543 LEADER 00600naa a2200145 i 4500 001 000000299364 003 CaOOAMICUS 005 20180831172642.0 008 180831n xx u000 u und u 013 $a7002 040 $aSeMil$bita 100 1 $aKertelge, Karl,$d<1926-2009>.$0(OLS)http://semarc/name/16973 245 10$aPaulus zur Rechtfertigung allein aus Glauben. 773 0 $tWorum geht es in der Rechtfertigungslehre?.$dFreiburg ; Basel ; Wien : Herder, 1999.$kQuaestiones disputatae $z3-451-02180-3$w()59464 996 $6245$aPaulus zur Rechtfertigung allein aus Glauben$9(OLS)http://semarc/title/375385